000 00679nam a2200277Ia 4500
005 20260324145252.0
008 008 260324s9999 xx 000 0 eng d
020 _a9781315188522
037 _aEBOOK
040 _aCRL
040 _beng
040 _cCRL
041 _2eng
041 _aeng
084 _qCRL
100 _aScott G. Paris; Gary M. Olson; Harold W. Stevenson
_91222364
245 0 _aLearning and Motivation in the Classroom
260 _bTaylor and Francis
260 _c1983
365 _a
365 _b205
856 _uhttp://www.taylorfrancis.com/books/9781315188522
942 _cEBOOK
999 _c1830032
_d1830032